Personnages célèbres - Série 71 - Statistiques

Statistiques générales
  • Ce quiz a été pris 130 fois
  • Le résultat moyen est 8 sur 15
Statistiques - réponses
Par images Hint Réponse % Correct
Jean Paul - acteur Belmondo
97%
Victoria - chanteuse Beckham
96%
David - football Beckham
96%
Lance - cyclisme Armstrong
87%
Tina - chanteuse Arena
85%
Benjamin - chanteur Biolay
82%
Brigitte - actrice Lahaie
62%
Lily - chanteuse Allen
60%
Ivan - tennis Lendl
47%
Jessica - actrice Biel
43%
chanteuse franco-indonésienne Anggun
39%
Maurice - acteur Biraud
18%
Toni - chanteuse Braxton
17%
Alessandra - mannequin Ambrosio
13%
chanteuse américaine Anastacia
5%
Aucun quiz correspondant
Distribution des résultats
% des personnes avec chaque résultat
Percentile par nombre de réponses
Votre historique - résultats
Vous n’avez pas pris ce quiz